| 000 | 00921cam a2200205 4500500 | ||
|---|---|---|---|
| 005 | 20251228065546.0 | ||
| 041 | _afre | ||
| 042 | _adc | ||
| 100 | 1 | 0 |
_aDescendre, Yann _eauthor |
| 245 | 0 | 0 | _aBricobaka |
| 260 | _c2019. | ||
| 500 | _a16 | ||
| 520 | _aCet article décrit le suivi et le travail d’accompagnement d’une jeune fille de 17 ans au sein d’une institution non mandatée de Bruxelles. Cette jeune est sans hébergement et en conflit avec son père. Elle est aussi dans une situation administrative particulière, celle d’un regroupement familial. | ||
| 690 | _aAccompagnement | ||
| 690 | _aerrance administrative | ||
| 690 | _anon-mandat | ||
| 690 | _aregroupement familial | ||
| 786 | 0 | _nVST - Vie sociale et traitements | 142 | 2 | 2019-04-09 | p. 118-121 | 0396-8669 | |
| 856 | 4 | 1 | _uhttps://shs.cairn.info/revue-vie-sociale-et-traitements-2019-2-page-118?lang=fr&redirect-ssocas=7080 |
| 999 |
_c1591749 _d1591749 |
||